|
|
|
|
| LEADER |
01172nam a22003371a 4500 |
| 001 |
000041226 |
| 003 |
17526 |
| 005 |
20230313104155.0 |
| 008 |
170330s2016 vm 000 eng |
| 040 |
|
|
|a LNN
|
| 041 |
|
|
|a eng
|
| 082 |
|
|
|a 425
|b PH-P
|
| 100 |
|
|
|a PHAM LAM NAM PHUONG
|
| 245 |
|
3 |
|a AN INVESTIGATION INTO USING PEER - ASSESSMENT IN FIRST - YEAR ENGLISH WRITING CLASS AT ENGLISH DEPARTMENT, UNIVERSITY OF DANANG. /
|c Pham Lam Nam Phuong.
|
| 260 |
|
|
|a DHNN,
|c 2016.
|
| 300 |
|
|
|a 70tr . : ill ; 30cm.
|
| 650 |
|
|
|a USING PEER - ASSESSMENT ,
|
| 852 |
|
|
|b P.Doc
|c Luận văn sinh viên
|
| OWN |
|
|
|a LNN
|
| AVA |
|
|
|a UDN50
|b LNN
|c English
|d 425 PH-P
|e available
|t Error 5001 Not defined in file expand_doc_bib_avail.
|f 1
|g 0
|h N
|i 0
|j AN
|k 1
|
| 999 |
|
|
|a From the UDN01
|
| AVA |
|
|
|a UDN50
|b LNN
|c English
|d 425 PH-P
|e available
|t Error 5001 Not defined in file expand_doc_bib_avail.
|f 1
|g 0
|h N
|i 0
|j AN
|k 1
|
| TYP |
|
|
|a Monograph
|
| TYP |
|
|
|a Printed language
|
| 980 |
|
|
|a Mạng thư viện Đại học Đà Nẵng
|